The Name's the Same Quiz Stats

 Plays Quiz not verified by Sporcle

Also try: What Came Fifth?
Challenge
Share
Tweet
Embed
Score 0/25 Timer 04:00
0 Plays Today
Person 1 Name % Correct
Popular movie composerJohn Williams
55.6%
US vice presidentGeorge Clinton
33.3%
Scottish social philosopherAdam Smith
33.3%
UK agriculturist; inventor of the seed drillJethro Tull
22.2%
Soul singer/songwriter known for his stage showsJames (Jim) Brown
22.2%
Cool HOF left fielderTed Williams
22.2%
Record producer in Muscle ShoalsJimmy Johnson
22.2%
US PresidentJohn Kennedy
22.2%
'Fantastik' lyricistTom Jones
22.2%
English explorer & discoverer of the source of the NileRichard Burton
11.1%
German opera composerEnglebert Humperdinck
11.1%
Heavyweight champion boxerJack Johnson
11.1%
RAF officer romantically linked to Princess MargaretPeter Townsend
11.1%
Person 1 Name % Correct
US labor activist, memorialized in song*Joe Hill
11.1%
HOF golfer, won Grand Slam**Robert (Bobby) Jones
11.1%
Welsh pirate/privateerHenry Morgan
11.1%
American abolitionistCassius Clay
11.1%
Original 1962 New York Mets PitcherBob Miller
11.1%
Hotel chain founderHoward Johnson
11.1%
US best-selling author of 'Richard Carvel'Winston Churchill
0%
HOF left fielderBilly (Dee) Williams
0%
1920s-30s film directorGeorge Hill
0%
Chinese Olympic gold medal short track speedskaterYang Yang
0%
US naval commanderJohn Paul Jones
0%
Tennis championChris Evert
0%

You're not logged in!

Compare scores with friends on all Sporcle quizzes.
OR
Log In

You Might Also Like...

Show Comments

Extras

Created Feb 13, 2011ReportNominate
Tags:Famous Quiz, last, person, same

Top Quizzes Today


Score Distribution

Your Account Isn't Verified!

In order to create a playlist on Sporcle, you need to verify the email address you used during registration. Go to your Sporcle Settings to finish the process.

Report this User

Report this user for behavior that violates our Community Guidelines.

Details: